000 00669nam a2200241Ia 4500
005 20260121112812.0
008 8906 260114s9999 xx 000 0 eng d
020 _a9789812705303
037 _aEBOOK
040 _aCRL
_beng
_cCRL
041 _aeng
_2eng
084 _qCRL
100 _aChen Guanrong & Ueta Tetsushi
_9963435
245 0 _aChaos in Circuits and Systems
260 _bWorld Scientific
260 _bWSPC
260 _c2002
650 _aNonlinear Science, Chaos & Dynamical Systems
_9963436
856 _uhttps://www.worldscientific.com/worldscibooks/10.1142/4945#t=toc
942 _cEBOOK
999 _c1546206
_d1546206